Scheme's good for environment - and business (Record no. 72445)

MARC details
000 -LEADER
fixed length control field 01213cam a2200229 4500
001 - CONTROL NUMBER
control field ABS66559
008 - FIXED-LENGTH DATA ELEMENTS--GENERAL INFORMATION
fixed length control field 030403n2003 000 0 eng u
035 ## - SYSTEM CONTROL NUMBER
System control number (Sirsi) u121894
100 ## - MAIN ENTRY--PERSONAL NAME
Personal name Swallow, A.
245 ## - TITLE STATEMENT
Title Scheme's good for environment - and business
260 ## - PUBLICATION, DISTRIBUTION, ETC.
Date of publication, distribution, etc. 2003
490 ## - SERIES STATEMENT
Series statement Farmers' Weekly
Volume/sequential designation 137(25) 20 December 2003, 36(1)
520 ## - SUMMARY, ETC.
Summary, etc. Reports on the application of a Countryside Stewardship scheme on a Norfolk arable farm, one of the first farms to use the new arable options. Provides a summary of the work carried out by the farmer and emphasises the need for thorough research, planning and preparation of the application. This is because the scheme is for 10 years and the applicant needs to show what benefits will be provided in at least one of four areas: wildlife, landscape, archaeological protection and public access. Details of the scheme can be found at http://www.defra.gov.uk/erdp/schemes/landbased/css/default.htm.
590 ## - LOCAL NOTE (RLIN)
Local note ABS
650 ## - SUBJECT ADDED ENTRY--TOPICAL TERM
Topical term or geographic name entry element COUNTRYSIDE STEWARDSHIP SCHEMES
650 ## - SUBJECT ADDED ENTRY--TOPICAL TERM
Topical term or geographic name entry element FARMING SUBSIDIES
650 ## - SUBJECT ADDED ENTRY--TOPICAL TERM
Topical term or geographic name entry element ARABLE FARMING
650 ## - SUBJECT ADDED ENTRY--TOPICAL TERM
Topical term or geographic name entry element ENVIRONMENTAL PROTECTION
650 ## - SUBJECT ADDED ENTRY--TOPICAL TERM
Topical term or geographic name entry element PUBLIC ACCESS
690 ## - LOCAL SUBJECT ADDED ENTRY--TOPICAL TERM (OCLC, RLIN)
Topical term or geographic name as entry element RURAL-NATURE CONSERVATION
942 ## - ADDED ENTRY ELEMENTS (KOHA)
Suppress in OPAC 0
Holdings
Withdrawn status Lost status Source of classification or shelving scheme Damaged status Not for loan Home library Current library Shelving location Date acquired Total Checkouts Full call number Barcode Date last seen Copy number Price effective from Koha item type
    Dewey Decimal Classification     London London Journal article 03/04/2003   ABS66559 121894-1001 06/08/2019 1 06/08/2019 Journal article